Gaming Quiz

Random Gaming or Animal Quiz
Score 0/29 Timer 05:00
0 Plays Today
% Correct
Lion
85%
African Elephant
61%
Polar Bear
56%
Bengal Tiger
54%
Chimpanzee
50.5%
Grizzly Bear
48.5%
Cheetah
44%
Giant Panda
42.5%
Jaguar
42%
Hippopotamus
41.5%
Nile Crocodile
40%
Red Panda
38.5%
Mountain Gorilla
38%
Ostrich
35.5%
Reticulated Giraffe
35.5%
% Correct
Snow Leopard
35.5%
Moose
34.5%
Common Zebra
34%
Black Rhinoceros
32%
Greater Flamingo
31%
Dromedary Camel
30.5%
Thompson's Gazelle
30%
Okapi
29.5%
American Beaver
28.5%
Red Kangaroo
28%
Common Peafowl
25%
Gemsbok
23.5%
Emporer Penguin
14%
Ring-Tailed Lemer
2.5%

You're not logged in!

Compare scores with friends on all Sporcle quizzes.
OR
Log In

Sporcle TV

Today on Sporcle TV


Watch our educational content, quiz creation guides, and fun videos on Sporcle TV.

Show Comments

Extras

Created Oct 2, 2009ReportNominate
Tags:Animal Quiz, Tycoon, Zoo, Zoo Tycoon

Top Quizzes Today


Score Distribution

Paid Content

Your Account Isn't Verified!

In order to create a playlist on Sporcle, you need to verify the email address you used during registration. Go to your Sporcle Settings to finish the process.

Report this User

Report this user for behavior that violates our Community Guidelines.

Details: